[Event "36th ECC Open 2021"]
[Site "Struga MKD"]
[Date "2021.09.21"]
[Round "4.1"]
[Board "5"]
[White "Matlakov, Maxim"]
[Black "Alekseev, Evgeny"]
[Result "1/2-1/2"]
[WhiteTitle "GM"]
[BlackTitle "GM"]
[WhiteElo "2683"]
[BlackElo "2610"]
[WhiteTeam "Mednyi Vsadnik"]
[BlackTeam "KPRF"]
[WhiteFideId "4168003"]
[BlackFideId "4138147"]
[EventDate "2021.09.18"]
[EventType "team"]

1. d4 Nf6 2. c4 e6 3. Nf3 d5 4. g3 Bb4+ 5. Nbd2 O-O 6. Bg2 b6 7. O-O Bb7 8. a3
Be7 9. cxd5 exd5 10. b4 Nbd7 11. Ne5 Re8 12. Qb3 Bd6 13. f4 b5 14. g4 Nb6 15. g5
Nfd7 16. e4 Nf8 17. Bb2 Ng6 18. Rad1 Bf8 19. Qg3 a5 20. bxa5 Nc4 21. Ndxc4 bxc4
22. Kh1 Rxa5 23. f5 Nh8 24. exd5 Rb5 25. Bc1 Rb3 26. Qf2 Bxd5 27. Rfe1 c3 28.
Bxd5 Qxd5+ 29. Qg2 Qxg2+ 30. Kxg2 f6 1/2-1/2

[Event "36th ECC Open 2021"]
[Site "Struga MKD"]
[Date "2021.09.21"]
[Round "4.1"]
[Board "6"]
[White "Sychev, Klementy"]
[Black "Ponkratov, Pavel"]
[Result "0-1"]
[WhiteTitle "GM"]
[BlackTitle "GM"]
[WhiteElo "2556"]
[BlackElo "2657"]
[WhiteTeam "KPRF"]
[BlackTeam "Mednyi Vsadnik"]
[WhiteFideId "4114060"]
[BlackFideId "4157800"]
[EventDate "2021.09.18"]
[EventType "team"]

1. e4 e5 2. Nf3 Nc6 3. Bc4 Nf6 4. d3 a6 5. O-O Bc5 6. c3 Ba7 7. a4 d6 8. Re1 O-O
9. h3 Ne7 10. Nbd2 Ng6 11. Bb3 Nh5 12. Nf1 Ngf4 13. d4 Qf6 14. Kh2 Be6 15. Bc2
g5 16. Ne3 Ng7 17. dxe5 dxe5 18. Nd5 Qh6 19. Bxf4 exf4 20. Kg1 Rad8 21. Qe2 g4
22. hxg4 Bxg4 23. Rad1 Nh5 24. Ne7+ Kh8 25. Rxd8 Rxd8 26. Ne5 Bxe2 27. Nxf7+ Kg7
28. Nxh6 Kxh6 29. Rxe2 f3 30. gxf3 Nf4 31. Kf1 Nxe2 32. Kxe2 Bc5 33. Nd5 c6 34.
Nf4 Bxf2 35. Ne6 Re8 36. Bb3 Bh4 37. f4 Rg8 38. Nd4 Rg2+ 39. Kd3 Bg3 40. e5 Bxf4
41. e6 Bg5 42. e7 Rd2+ 43. Kc4 b5+ 44. Kc5 Bxe7+ 45. Kxc6 bxa4 46. Bxa4 Bf6 47.
Nc2 Kg5 48. Kb7 h5 49. Kxa6 h4 50. c4 h3 51. Ne3 h2 0-1

[Event "36th ECC Open 2021"]
[Site "Struga MKD"]
[Date "2021.09.21"]
[Round "4.2"]
[Board "1"]
[White "Mikhalevski, Victor"]
[Black "Harikrishna, Pentala"]
[Result "1/2-1/2"]
[WhiteTitle "GM"]
[BlackTitle "GM"]
[WhiteElo "2573"]
[BlackElo "2725"]
[WhiteTeam "BEER SHEVA"]
[BlackTeam "AVE Novy Bor"]
[WhiteFideId "2801914"]
[BlackFideId "5007003"]
[EventDate "2021.09.18"]
[EventType "team"]

1. d4 Nf6 2. Nf3 d5 3. c4 e6 4. g3 Be7 5. Bg2 O-O 6. O-O dxc4 7. Ne5 Nc6 8. Bxc6
bxc6 9. Nxc6 Qe8 10. Nxe7+ Qxe7 11. Qa4 a5 12. Qxc4 Ba6 13. Qc2 Rfd8 14. b3 Rxd4
15. Bb2 Rdd8 16. Na3 Nd5 17. Nc4 a4 18. Ne5 Bb5 19. Nc6 Bxc6 20. Qxc6 Qb4 21.
Rfc1 axb3 22. axb3 Rxa1 23. Bxa1 h5 24. Qc4 Qd2 25. Qc2 Qxc2 26. Rxc2 f5 27. Be5
Rb8 28. f3 Rxb3 29. Bxc7 g5 30. h3 Rb1+ 31. Kf2 Kf7 32. Be5 g4 33. hxg4 hxg4 34.
Rb2 1/2-1/2

[Event "36th ECC Open 2021"]
[Site "Struga MKD"]
[Date "2021.09.21"]
[Round "4.2"]
[Board "2"]
[White "Wojtaszek, Radoslaw"]
[Black "Nabaty, Tamir"]
[Result "1/2-1/2"]
[WhiteTitle "GM"]
[BlackTitle "GM"]
[WhiteElo "2698"]
[BlackElo "2638"]
[WhiteTeam "AVE Novy Bor"]
[BlackTeam "BEER SHEVA"]
[WhiteFideId "1118358"]
[BlackFideId "2809052"]
[EventDate "2021.09.18"]
[EventType "team"]

1. d4 d5 2. c4 e6 3. Nc3 Nf6 4. Nf3 c5 5. cxd5 Nxd5 6. e4 Nxc3 7. bxc3 cxd4 8.
cxd4 Bb4+ 9. Bd2 Bxd2+ 10. Qxd2 O-O 11. Bc4 b6 12. O-O Bb7 13. Rfe1 Qd6 14. Rad1
Nd7 15. h4 Rac8 16. Bb3 h6 17. d5 exd5 18. e5 Qe7 19. Nd4 Nc5 20. Nf5 Qe6 21.
Qf4 Nxb3 22. axb3 Rc7 23. Nd4 Qe7 24. Nf5 Qe6 25. Nd4 Qe7 26. Qg3 Bc8 27. f4 f5
28. e6 Rf6 29. Re5 Rxe6 30. Nxe6 Bxe6 31. Qe3 d4 32. Qe2 d3 33. Qxd3 Kf7 34.
Rde1 Qd7 35. Qf3 Rc6 36. h5 Kg8 37. Rd1 Rd6 38. Qa8+ Kh7 39. Rde1 Qf7 40. b4 Bd7
41. Qxa7 Qxh5 42. Qc7 Qg6 43. Re7 Rd2 44. R1e2 Rd1+ 45. Re1 Rxe1+ 46. Rxe1 Bc6
47. Re2 Be4 48. Qc3 Qd6 1/2-1/2

[Event "36th ECC Open 2021"]
[Site "Struga MKD"]
[Date "2021.09.21"]
[Round "4.2"]
[Board "3"]
[White "Roiz, Michael"]
[Black "Navara, David"]
[Result "1/2-1/2"]
[WhiteTitle "GM"]
[BlackTitle "GM"]
[WhiteElo "2580"]
[BlackElo "2676"]
[WhiteTeam "BEER SHEVA"]
[BlackTeam "AVE Novy Bor"]
[WhiteFideId "2804158"]
[BlackFideId "309095"]
[EventDate "2021.09.18"]
[EventType "team"]

1. c4 c6 2. Nf3 d5 3. g3 g6 4. Bg2 Bg7 5. cxd5 cxd5 6. d4 Nf6 7. Ne5 O-O 8. Nc3
Bf5 9. Qb3 Nc6 10. Be3 Nxe5 11. dxe5 Ng4 12. Nxd5 e6 13. Nf6+ Nxf6 14. exf6 Qxf6
15. O-O Qxb2 16. Qxb2 Bxb2 17. Rad1 Rad8 18. Bxb7 Bc2 19. Rxd8 Rxd8 20. Bc1 Bxc1
21. Rxc1 Rb8 22. Rxc2 Rxb7 23. Rc5 Rb2 24. Ra5 Rxe2 25. Rxa7 e5 26. Ra3 Kg7 27.
Re3 Rxa2 28. Rxe5 h5 29. h4 Ra1+ 30. Kg2 Kf6 1/2-1/2

[Event "36th ECC Open 2021"]
[Site "Struga MKD"]
[Date "2021.09.21"]
[Round "4.2"]
[Board "4"]
[White "Ragger, Markus"]
[Black "Rodshtein, Maxim"]
[Result "1-0"]
[WhiteTitle "GM"]
[BlackTitle "GM"]
[WhiteElo "2665"]
[BlackElo "2599"]
[WhiteTeam "AVE Novy Bor"]
[BlackTeam "BEER SHEVA"]
[WhiteFideId "1610856"]
[BlackFideId "2806851"]
[EventDate "2021.09.18"]
[EventType "team"]

1. e4 c6 2. Nf3 d5 3. Nc3 Bg4 4. h3 Bxf3 5. Qxf3 e6 6. Be2 Nf6 7. O-O d4 8. Nb1
Bd6 9. d3 Bc7 10. h4 h5 11. Qh3 Nbd7 12. Na3 Qe7 13. c3 dxc3 14. bxc3 Nb6 15.
Nb1 c5 16. a4 Nbd7 17. Na3 a6 18. Bg5 Qd6 19. Nc4 Qc6 20. a5 Ne5 21. Bd1 O-O-O
22. Ba4 Rxd3 23. Qxd3 Nxd3 24. Bxc6 bxc6 25. Rfd1 Ne5 26. Nb6+ Bxb6 27. axb6
Nxe4 28. Re1 Nxg5 29. Rxe5 f6 30. Ree1 1-0

[Event "36th ECC Open 2021"]
[Site "Struga MKD"]
[Date "2021.09.21"]
[Round "4.2"]
[Board "5"]
[White "Huzman, Alexander"]
[Black "Anton Guijarro, David"]
[Result "0-1"]
[WhiteTitle "GM"]
[BlackTitle "GM"]
[WhiteElo "2547"]
[BlackElo "2651"]
[WhiteTeam "BEER SHEVA"]
[BlackTeam "AVE Novy Bor"]
[WhiteFideId "2803828"]
[BlackFideId "2285525"]
[EventDate "2021.09.18"]
[EventType "team"]

1. d4 Nf6 2. c4 e6 3. Nf3 d5 4. g3 dxc4 5. Bg2 c6 6. Ne5 Bb4+ 7. Bd2 Be7 8. Bg5
h6 9. Bf4 Nd5 10. Nxc4 b6 11. O-O O-O 12. Nc3 Bb7 13. Rc1 Nxf4 14. gxf4 Nd7 15.
e3 Rb8 16. Qe2 c5 17. dxc5 Bxg2 18. Kxg2 Nxc5 19. Ne5 Qe8 20. Qb5 Bf6 21. Rfd1
Bxe5 22. fxe5 Qe7 23. b4 a6 24. Qe2 Nd7 25. f4 b5 26. Ne4 Nb6 27. Nc5 Rbd8 28.
Kh3 Rxd1 29. Rxd1 Nd5 30. Rg1 Nxb4 31. Qg4 g6 32. f5 Qxc5 33. fxe6 Qxe5 34.
exf7+ Rxf7 0-1

[Event "36th ECC Open 2021"]
[Site "Struga MKD"]
[Date "2021.09.21"]
[Round "4.2"]
[Board "6"]
[White "Bartel, Mateusz"]
[Black "Steinberg, Nitzan"]
[Result "1/2-1/2"]
[WhiteTitle "GM"]
[BlackTitle "GM"]
[WhiteElo "2611"]
[BlackElo "2537"]
[WhiteTeam "AVE Novy Bor"]
[BlackTeam "BEER SHEVA"]
[WhiteFideId "1112635"]
[BlackFideId "2801795"]
[EventDate "2021.09.18"]
[EventType "team"]

1. d4 d5 2. c4 c6 3. Nf3 Nf6 4. Qb3 dxc4 5. Qxc4 Bf5 6. g3 Nbd7 7. Bg2 e6 8. O-O
Be7 9. Nbd2 O-O 10. Qb3 Qb6 11. Nc4 Qa6 12. Bf4 Nd5 13. Bd6 Be4 14. Rfc1 N7b6
15. Bxe7 Nxe7 16. Ncd2 Bxf3 17. Bxf3 Qa4 18. e3 Rfd8 19. Qxa4 Nxa4 20. Nc4 Rab8
21. Rc2 Nb6 22. Na5 e5 23. dxe5 Ng6 24. Rd1 Nxe5 25. Rxd8+ Rxd8 26. Be2 Rb8 27.
f4 Ned7 28. e4 Nf8 29. Kf2 Ne6 30. Ke3 Kf8 31. h4 g6 32. h5 Nd7 33. Rd2 Ke7 34.
Ba6 Nd8 35. Bf1 Nf6 36. hxg6 hxg6 37. b4 Rc8 38. Nc4 Ne6 39. Bh3 Rd8 40. Rxd8
Nxd8 41. Bc8 Ne8 42. e5 b6 43. a3 Nc7 44. Kd3 Nd5 45. Bg4 Nb7 46. Bf3 Ke6 47.
Bg4+ Ke7 48. Kd4 Nc7 49. Bf3 Kd7 50. g4 b5 51. Nb2 a5 52. Nd3 axb4 53. axb4 Na6
54. e6+ fxe6 55. Ne5+ Kc7 56. Bxc6 Nxb4 57. Bxb5 Nd5 58. Nxg6 Kd6 59. Bc4 Nxf4
60. Nxf4 1/2-1/2

[Event "36th ECC Open 2021"]
[Site "Struga MKD"]
[Date "2021.09.21"]
[Round "4.3"]
[Board "1"]
[White "Korobov, Anton"]
[Black "Mamedov, Rauf"]
[Result "1/2-1/2"]
[WhiteTitle "GM"]
[BlackTitle "GM"]
[WhiteElo "2685"]
[BlackElo "2654"]
[WhiteTeam "Silla-Valencia Origin of Chess"]
[BlackTeam "Vugar Gashimov"]
[WhiteFideId "14105730"]
[BlackFideId "13401653"]
[EventDate "2021.09.18"]
[EventType "team"]

1. d4 Nf6 2. c4 e6 3. Nf3 b6 4. g3 Bb7 5. Bg2 Be7 6. O-O O-O 7. Re1 d5 8. cxd5
exd5 9. Nc3 Nbd7 10. Bf4 c5 11. h4 Ne4 12. e3 Ndf6 13. a4 Nh5 14. Ne5 Nxf4 15.
exf4 f6 16. Nc4 dxc4 17. Nxe4 f5 18. Nf6+ Bxf6 19. Bxb7 Rb8 20. Ba6 Bxd4 21.
Bxc4+ Kh8 22. Qc2 g6 23. Re2 Re8 24. Rae1 Rxe2 25. Qxe2 Rb7 26. Qe8+ Qxe8 27.
Rxe8+ Kg7 28. b3 h5 29. Kg2 Rd7 30. Bb5 Rb7 31. Re6 Bf6 32. Kf3 Re7 1/2-1/2

[Event "36th ECC Open 2021"]
[Site "Struga MKD"]
[Date "2021.09.21"]
[Round "4.3"]
[Board "2"]
[White "Shevchenko, Kirill"]
[Black "Shirov, Alexei"]
[Result "1-0"]
[WhiteTitle "GM"]
[BlackTitle "GM"]
[WhiteElo "2633"]
[BlackElo "2652"]
[WhiteTeam "Vugar Gashimov"]
[BlackTeam "Silla-Valencia Origin of Chess"]
[WhiteFideId "14129574"]
[BlackFideId "2209390"]
[EventDate "2021.09.18"]
[EventType "team"]

1. c4 e6 2. Nc3 d5 3. d4 Nf6 4. cxd5 exd5 5. Bg5 c6 6. e3 Be7 7. Bd3 Nbd7 8. Qc2
O-O 9. Nf3 h6 10. Bf4 Nh5 11. Be5 Nxe5 12. Nxe5 Nf6 13. O-O-O c5 14. dxc5 Qc7
15. Nf3 Qxc5 16. Nd4 Bd7 17. Kb1 Rfc8 18. Bf5 Rc7 19. Bxd7 Rxd7 20. Rd3 Rc8 21.
Rc1 Qa5 22. Nb3 Qa6 23. Qd1 Rdc7 24. Rd4 Rxc3 25. Rxc3 Rxc3 26. bxc3 Ne4 27. Qd3
Qc6 28. c4 Bf6 29. cxd5 Nc3+ 30. Kc2 Nxd5+ 31. Rc4 Qe6 32. Nd4 Qe8 33. Kd2 g6
34. Rc5 Nb6 35. Ke2 Kg7 36. Kf1 Qe7 37. Qc2 Qd6 38. Kg1 Nd7 39. Rc8 Be5 40. Nf3
Nb6 41. Rc5 Nd7 42. Rb5 b6 43. Rb1 Nf6 44. Qa4 Bc3 45. Qxa7 b5 46. Qb7 b4 47.
Qb5 Qe6 48. Qe2 Ne4 49. Nd4 Qf6 50. Qc2 Qh4 51. Rd1 h5 52. Nb5 Bf6 53. Nd6 Nc3
54. Rd3 Be5 55. h3 Qe7 56. Nc4 Bf6 57. Nb6 Qc7 58. Na4 h4 59. Nxc3 bxc3 60. a4
Qc5 61. Rd1 Qa3 62. Kf1 Be5 63. Rd5 Bf6 64. Rd7 Qc5 65. Rb7 Qc4+ 66. Kg1 Qc5 67.
Kf1 Qc4+ 68. Kg1 Qc5 69. Rb3 Qc7 70. Ra3 Qc5 71. Ra1 Bd8 72. Qd3 Qa5 73. Qb5 Qc7
74. Rc1 Bf6 75. a5 Qd6 76. Qb3 Qa6 77. Rxc3 Qxa5 78. Rc1 Qe5 79. Qd3 Qe6 80. Qc4
Qe5 81. Rd1 Qa5 82. f4 g5 83. Rf1 Qd2 84. Qe4 Qa5 85. Qf3 1-0

[Event "36th ECC Open 2021"]
[Site "Struga MKD"]
[Date "2021.09.21"]
[Round "4.3"]
[Board "3"]
[White "Abasov, Nijat"]
[Black "Asadli, Vugar"]
[Result "1/2-1/2"]
[WhiteTitle "GM"]
[BlackTitle "GM"]
[WhiteElo "2652"]
[BlackElo "2578"]
[WhiteTeam "Silla-Valencia Origin of Chess"]
[BlackTeam "Vugar Gashimov"]
[WhiteFideId "13402960"]
[BlackFideId "13405764"]
[EventDate "2021.09.18"]
[EventType "team"]

1. e4 c5 2. c3 d5 3. exd5 Qxd5 4. Nf3 Nf6 5. d4 Nc6 6. Be2 e6 7. O-O cxd4 8.
cxd4 Be7 9. Nc3 Qd6 10. Qb3 O-O 11. Rd1 Rd8 12. Nb5 Qb8 13. Nc3 Qd6 14. a3 b6
15. Nb5 Qd7 16. Ne5 Nxe5 17. dxe5 Nd5 18. Bf3 Bb7 19. Bf4 Qe8 20. Bg3 Bc6 21. a4
Qd7 22. Nd6 a5 23. h4 Rab8 24. Be4 h6 25. Qc4 Bxd6 26. exd6 Rbc8 27. Qd4 Nb4 28.
Rdc1 f6 29. Bg6 Qb7 30. Qg4 e5 31. Bf5 Bd7 32. Rc3 Rc6 33. Rd1 Bxf5 34. Qxf5 Qd7
35. Qxd7 Rxd7 36. Rxc6 Nxc6 37. f4 Kf7 38. fxe5 Nxe5 39. Bf2 Rb7 40. Rc1 Ke6 41.
Rc7 Rb8 42. Rxg7 Kxd6 43. Rh7 Ke6 44. Bg3 b5 45. Rxh6 bxa4 46. Bxe5 Kxe5 47.
Rh5+ Kf4 48. Rxa5 Kg3 49. Rxa4 Rxb2 50. Ra3+ 1/2-1/2

[Event "36th ECC Open 2021"]
[Site "Struga MKD"]
[Date "2021.09.21"]
[Round "4.3"]
[Board "4"]
[White "Suleymanli, Aydin"]
[Black "Santos Latasa, Jaime"]
[Result "1/2-1/2"]
[WhiteTitle "GM"]
[BlackTitle "GM"]
[WhiteElo "2536"]
[BlackElo "2627"]
[WhiteTeam "Vugar Gashimov"]
[BlackTeam "Silla-Valencia Origin of Chess"]
[WhiteFideId "13413937"]
[BlackFideId "2293307"]
[EventDate "2021.09.18"]
[EventType "team"]

1. d4 d5 2. c4 e6 3. Nc3 c6 4. e3 Nf6 5. Nf3 Nbd7 6. Qc2 Bd6 7. b3 O-O 8. Bb2 e5
9. dxe5 Nxe5 10. O-O-O Qe7 11. cxd5 Nxd5 12. Nxd5 cxd5 13. Nxe5 Bxe5 14. Rxd5
Bxb2+ 15. Kxb2 Qf6+ 16. Qc3 Qxf2+ 17. Rd2 Qh4 18. Bc4 Qe7 19. Rf1 Be6 20. Rf4
Rad8 21. Rxd8 Rxd8 22. Rd4 Bxc4 23. Rxd8+ Qxd8 24. Qxc4 g6 25. Kc2 h5 26. h4 Qe7
27. Kd3 b6 28. Ke2 Qe5 29. Kf2 Qb2+ 30. Kf3 Qxa2 31. Qc8+ Kg7 32. Qc3+ Kh7 33.
Qc4 Kg7 34. Qc3+ Kh7 35. Qc4 Kg7 1/2-1/2

[Event "36th ECC Open 2021"]
[Site "Struga MKD"]
[Date "2021.09.21"]
[Round "4.4"]
[Board "1"]
[White "Markoja, Boris"]
[Black "Shankland, Sam"]
[Result "1/2-1/2"]
[WhiteTitle "IM"]
[BlackTitle "GM"]
[WhiteElo "2453"]
[BlackElo "2720"]
[WhiteTeam "Maribor Poligram"]
[BlackTeam "Alkaloid"]
[WhiteFideId "14608502"]
[BlackFideId "2004887"]
[EventDate "2021.09.18"]
[EventType "team"]

1. d4 Nf6 2. c4 e6 3. g3 c5 4. d5 exd5 5. cxd5 d6 6. Nc3 g6 7. Bg2 Bg7 8. Nf3
O-O 9. O-O Re8 10. Bf4 h6 11. Re1 g5 12. Bc1 a6 13. a4 Nbd7 14. h4 g4 15. Nd2
Ne5 16. Qc2 b6 17. b3 Rb8 18. Bb2 b5 19. axb5 axb5 20. Nd1 Ng6 21. Nf1 Nh5 22.
Bxg7 Nxg7 23. b4 c4 24. Nfe3 Re5 25. Qd2 Rh5 26. Qd4 Ne5 27. Nc3 Bd7 28. Ra7 f5
29. Nc2 f4 30. Qxf4 Qe7 31. Qd2 1/2-1/2

[Event "36th ECC Open 2021"]
[Site "Struga MKD"]
[Date "2021.09.21"]
[Round "4.4"]
[Board "3"]
[White "Mikhalchishin, Adrian"]
[Black "Kryvoruchko, Yuriy"]
[Result "0-1"]
[WhiteTitle "GM"]
[BlackTitle "GM"]
[WhiteElo "2455"]
[BlackElo "2689"]
[WhiteTeam "Maribor Poligram"]
[BlackTeam "Alkaloid"]
[WhiteFideId "14602385"]
[BlackFideId "14109182"]
[EventDate "2021.09.18"]
[EventType "team"]

1. d4 Nf6 2. c4 e6 3. Nf3 b6 4. Nc3 Bb4 5. Bd2 O-O 6. e3 d5 7. Bd3 dxc4 8. Bxc4
Bb7 9. O-O Nbd7 10. Qe2 c5 11. Rfd1 cxd4 12. Nxd4 a6 13. Ne4 Bxd2 14. Nxf6+ Qxf6
15. Rxd2 Nc5 16. f3 b5 17. Nb3 Na4 18. Bd3 Rac8 19. Rad1 g6 20. e4 Rfd8 21. Qf2
Rxd3 22. Rxd3 Nxb2 23. Qb6 Nxd3 24. Qxb7 Rc3 25. Qxa6 Qg5 26. Qa8+ Kg7 27. Qa7
Nf4 28. Rd2 Rxf3 29. g3 Nd3 30. Re2 Nf4 31. Rd2 h5 32. Qd4+ e5 33. Qd8 Ne2+ 34.
Kg2 Qe3 35. Qd5 Qf2+ 0-1

[Event "36th ECC Open 2021"]
[Site "Struga MKD"]
[Date "2021.09.21"]
[Round "4.4"]
[Board "4"]
[White "Inarkiev, Ernesto"]
[Black "Skuhala, Jernej"]
[Result "1-0"]
[WhiteTitle "GM"]
[BlackTitle "FM"]
[WhiteElo "2663"]
[BlackElo "2351"]
[WhiteTeam "Alkaloid"]
[BlackTeam "Maribor Poligram"]
[WhiteFideId "4162722"]
[BlackFideId "14605651"]
[EventDate "2021.09.18"]
[EventType "team"]

1. e4 c6 2. d4 d5 3. e5 c5 4. dxc5 Nc6 5. f4 e6 6. Be3 g5 7. fxg5 Nge7 8. Nf3
Nf5 9. Bf2 d4 10. c3 Bxc5 11. b4 Be7 12. b5 Na5 13. cxd4 Bd7 14. Nbd2 a6 15. g4
Ng7 16. a4 Bb4 17. Be3 Rc8 18. Kf2 Kf8 19. Ne4 Ne8 20. Nf6 Nc7 21. Rb1 Be7 22.
Qd2 b6 23. Bd3 Nd5 24. Rhc1 Rxc1 25. Qxc1 axb5 26. axb5 Bc8 27. Bd2 Bb7 28. Be4
h6 29. Bxd5 exd5 30. gxh6 Nc4 31. Bb4 Bxb4 32. Rxb4 Qa8 33. Kg3 1-0

[Event "36th ECC Open 2021"]
[Site "Struga MKD"]
[Date "2021.09.21"]
[Round "4.4"]
[Board "5"]
[White "Buzeti, Jernej"]
[Black "Predke, Alexandr"]
[Result "0-1"]
[WhiteTitle "FM"]
[BlackTitle "GM"]
[WhiteElo "2236"]
[BlackElo "2662"]
[WhiteTeam "Maribor Poligram"]
[BlackTeam "Alkaloid"]
[WhiteFideId "14604477"]
[BlackFideId "24107581"]
[EventDate "2021.09.18"]
[EventType "team"]

1. e4 d6 2. d4 g6 3. Nc3 Bg7 4. Be3 a6 5. Qd2 b5 6. a4 b4 7. Na2 a5 8. c3 Nf6 9.
f3 bxc3 10. Nxc3 O-O 11. Bc4 Nc6 12. Nge2 Nb4 13. O-O c6 14. Na2 Rb8 15. Nac3 d5
16. exd5 Nfxd5 17. Bf2 Nb6 18. Bb3 Ba6 19. Rfd1 Nc4 20. Bxc4 Bxc4 21. Be3 Re8
22. Ne4 Nd5 23. Bf2 Qb6 24. Rdc1 Bxe2 25. Qxe2 Bxd4 26. Bxd4 Qxd4+ 27. Qf2 Qxf2+
28. Nxf2 Rxb2 29. Rxc6 Reb8 30. Nd3 Rd2 31. Ne1 Rbb2 32. Rac1 Ne3 33. g3 Rf2 0-1

[Event "36th ECC Open 2021"]
[Site "Struga MKD"]
[Date "2021.09.21"]
[Round "4.5"]
[Board "1"]
[White "Haria, Ravi"]
[Black "Berkes, Ferenc"]
[Result "1/2-1/2"]
[WhiteTitle "IM"]
[BlackTitle "GM"]
[WhiteElo "2465"]
[BlackElo "2671"]
[WhiteTeam "Gonzaga"]
[BlackTeam "Team XtraCon"]
[WhiteFideId "415820"]
[BlackFideId "718572"]
[EventDate "2021.09.18"]
[EventType "team"]

1. e4 e5 2. Nf3 Nc6 3. Bc4 Nf6 4. d3 Bc5 5. O-O a6 6. c3 Ba7 7. h3 O-O 8. Re1 d6
9. Bb3 h6 10. Nbd2 Re8 11. Nf1 Be6 12. Ng3 d5 13. exd5 Bxd5 14. Bc2 Qd6 15. Nh4
Ne7 16. Be3 Bxe3 17. Rxe3 Bc6 18. Ngf5 Nxf5 19. Nxf5 Qd7 20. d4 e4 21. Ng3 b5
22. Qd2 Re7 23. Rae1 Rae8 24. R3e2 Qd5 25. b3 e3 26. fxe3 Qg5 27. Nf1 Be4 28.
Rf2 c5 29. Bd1 Bb7 30. Bf3 Ne4 31. Bxe4 Rxe4 1/2-1/2

[Event "36th ECC Open 2021"]
[Site "Struga MKD"]
[Date "2021.09.21"]
[Round "4.5"]
[Board "2"]
[White "Banusz, Tamas"]
[Black "O'Donnell, Conor"]
[Result "1/2-1/2"]
[WhiteTitle "GM"]
[BlackTitle "FM"]
[WhiteElo "2641"]
[BlackElo "2303"]
[WhiteTeam "Team XtraCon"]
[BlackTeam "Gonzaga"]
[WhiteFideId "722413"]
[BlackFideId "2504243"]
[EventDate "2021.09.18"]
[EventType "team"]

1. d4 d5 2. Nf3 Nf6 3. Bf4 c5 4. e3 Nc6 5. Nbd2 Qb6 6. dxc5 Qxb2 7. Rb1 Qc3 8.
Bb5 g6 9. e4 dxe4 10. Be5 Qa5 11. O-O exf3 12. Bxc6+ bxc6 13. Qxf3 Nd5 14. Bxh8
Qxd2 15. c4 f6 16. Rfd1 Qg5 17. cxd5 Bg4 18. Bxf6 Bxf3 19. Bxg5 Bxd1 20. Rxd1
Rd8 21. d6 Rd7 22. Re1 Kf7 23. dxe7 Bxe7 24. Bxe7 Rxe7 25. Rd1 Re2 26. Kf1 Rxa2
27. Rd7+ Kg8 28. Rc7 h5 29. g3 a5 30. Kg2 Rc2 31. Rxc6 Kf7 32. Kf3 a4 33. Ra6
Rxc5 34. Rxa4 Rc3+ 35. Kf4 Rc5 36. h3 Rf5+ 37. Ke3 Re5+ 38. Re4 Ra5 39. Rc4 Kf6
40. f3 Ra3+ 41. Ke4 Ra1 42. Rc6+ Kg7 43. Kf4 Ra4+ 44. Kg5 Ra5+ 45. Kh4 Rf5 46.
f4 Kh6 47. Re6 Rf7 48. Re4 Rf5 49. Re1 Rf7 50. Re2 Rf5 51. Re4 Rf7 52. g4 Rxf4
53. Rxf4 g5+ 54. Kg3 gxf4+ 55. Kxf4 hxg4 56. hxg4 Kg6 57. Ke4 1/2-1/2

[Event "36th ECC Open 2021"]
[Site "Struga MKD"]
[Date "2021.09.21"]
[Round "4.5"]
[Board "5"]
[White "Pein, Jonathan"]
[Black "Rozentalis, Eduardas"]
[Result "0-1"]
[WhiteTitle "CM"]
[BlackTitle "GM"]
[WhiteElo "2254"]
[BlackElo "2509"]
[WhiteTeam "Gonzaga"]
[BlackTeam "Team XtraCon"]
[WhiteFideId "417092"]
[BlackFideId "12800023"]
[EventDate "2021.09.18"]
[EventType "team"]

1. e4 e6 2. d4 d5 3. Nd2 c5 4. exd5 exd5 5. Bb5+ Bd7 6. Bxd7+ Nxd7 7. Ngf3 Ngf6
8. O-O Be7 9. dxc5 Nxc5 10. Re1 O-O 11. Nf1 Re8 12. Be3 a5 13. Bd4 Ne6 14. c3
Nxd4 15. Nxd4 a4 16. Rc1 Qb6 17. Rc2 Bc5 18. Rce2 Re4 19. Ng3 Rxe2 20. Rxe2 g6
21. Qd2 a3 22. b3 Rc8 23. h3 Bf8 24. Re1 Qc5 25. Rc1 Bg7 26. c4 Qb6 27. Nb5 dxc4
28. Nxa3 Rd8 29. Nxc4 Rxd2 30. Nxb6 Rxa2 31. Rc7 Bf8 32. Nd7 Ra1+ 33. Kh2 Nxd7
34. Rxd7 b5 35. Ne4 Re1 36. Nc3 b4 37. Nd5 Bc5 38. Rb7 Kg7 39. Nxb4 Bxf2 40. Nc6
Kf6 41. Rd7 Bg1+ 42. Kh1 Be3+ 43. Kh2 Bf4+ 44. g3 Re2+ 45. Kg1 Bxg3 46. b4 h5
47. b5 Rb2 48. Nd8 Rxb5 49. Rxf7+ Kg5 50. Kg2 Bh4 51. Ne6+ Kh6 52. Rf8 g5 53.
Rf6+ Kh7 54. Nd4 Rb2+ 55. Kg1 Kg7 56. Rf3 Kg6 57. Nf5 Be1 58. Ne7+ Kg7 59. Nf5+
Kh7 60. Ng3 Kg6 61. Ne4 Bh4 62. Nf2 Rxf2 63. Rxf2 Bxf2+ 64. Kxf2 Kf6 65. Ke2 Ke6
66. Kd2 Kf5 67. Ke3 Ke5 68. Kf3 Kd4 69. Kf2 Ke4 70. Ke2 Kf4 71. Kf2 h4 72. Kg2
Ke3 73. Kg1 Kf3 74. Kh2 Kf2 0-1

[Event "36th ECC Open 2021"]
[Site "Struga MKD"]
[Date "2021.09.21"]
[Round "4.6"]
[Board "1"]
[White "Carlsen, Magnus"]
[Black "Llobell Cortell, Enrique"]
[Result "1-0"]
[WhiteTitle "GM"]
[BlackTitle "IM"]
[WhiteElo "2855"]
[BlackElo "2392"]
[WhiteTeam "Offerspill Chess Club"]
[BlackTeam "Andreu Paterna"]
[WhiteFideId "1503014"]
[BlackFideId "2216116"]
[EventDate "2021.09.18"]
[EventType "team"]

1. e4 c5 2. Nf3 Nc6 3. Bb5 d6 4. Bxc6+ bxc6 5. e5 dxe5 6. Nxe5 Qd5 7. Nf3 Bg4 8.
Nc3 Bxf3 9. gxf3 Qe5+ 10. Qe2 Qxe2+ 11. Kxe2 Nf6 12. d3 e6 13. Be3 Be7 14. Na4
Nd7 15. b3 O-O 16. Rag1 Kh8 17. d4 cxd4 18. Bxd4 f6 19. Rg4 Rfd8 20. Rd1 Kg8 21.
Be3 Kf7 22. Rc4 Ne5 23. Rxd8 Bxd8 24. Rb4 a5 25. Rb7+ Kg6 26. Nc5 f5 27. Nxe6
Bf6 28. Nf4+ Kh6 29. Nd5+ Kg6 30. Ne7+ Bxe7 31. Rxe7 Kf6 32. Rc7 Ra6 33. Bd4 Ke6
34. Rxg7 1-0